000 00725cam a2200181 i 4500
005 20251218125013.0
008 250721s2007 jo gr 000 0 ara d
020 _a9957449095
082 1 4 _a218.1
_bم ن ا
100 1 _aالمناسية، أمين محمد سلام
_eمؤلف.
245 1 2 _aالثقافة الإسلامية الأصيلة ومستجداات العصر /
_cالدكتور امين محمد سلام المناسية.
250 _aالطبعة الثانية، مزيدة ومنقحة.
264 3 1 _aعمان :
_bالأكاديميون للنشر و التوزيع،
_c2007.
300 _a471 صفحة.
650 1 7 _aالثقافة الإسلامية.
942 _2ddc
_cBK
999 _c106246
_d106246